Niektoré problémy vecného obsahu daľšieho rozvoja spolupráce s rozvojovými krajinami z hľadiska VTR a postupujúceho procesu celosvetového prechodu od kapitalizmu k socializmu čiastková úloha SPEV I-I/3.3

Gespeichert in:
Bibliographische Detailangaben
1. Verfasser: Balhar, Víťazoslav
Weitere Verfasser: Krišková, Elena
Format: Buch
Sprache:Slowakisch
Veröffentlicht: Bratislava Vysoká škola ekonomická 1977
Tags: Tag hinzufügen
Keine Tags, Fügen Sie das erste Tag hinzu!

MARC

LEADER 00000nam a2200000 4500
001 c138958
005 20250520131952.3
041 0 |a slo 
044 |a SK 
245 1 0 |a Niektoré problémy vecného obsahu daľšieho rozvoja spolupráce s rozvojovými krajinami z hľadiska VTR a postupujúceho procesu celosvetového prechodu od kapitalizmu k socializmu  |b čiastková úloha SPEV I-I/3.3  |c Víťazoslav Balhar, Elena Krišková 
264 1 |a Bratislava  |b Vysoká škola ekonomická  |c 1977 
300 |a 139 s. 
100 1 |a Balhar, Víťazoslav 
700 1 |a Krišková, Elena